Construction futures. - Issue 1 (January 1996) - Issue 4 (October 1996) (Record no. 93544)
[ view plain ]
| 000 -LEADER | |
|---|---|
| fixed length control field | 00849cam a2200289 4500 |
| 001 - CONTROL NUMBER | |
| control field | J3438 |
| 008 - FIXED-LENGTH DATA ELEMENTS--GENERAL INFORMATION | |
| fixed length control field | 090401t1996 xxu||||| |||| 00| 0 eng d |
| 035 ## - SYSTEM CONTROL NUMBER | |
| System control number | (Sirsi) u55041 |
| 041 ## - LANGUAGE CODE | |
| Language code of text/sound track or separate title | eng |
| 050 ## - LIBRARY OF CONGRESS CALL NUMBER | |
| Classification number | 720.0212 |
| 110 ## - MAIN ENTRY--CORPORATE NAME | |
| Corporate name or jurisdiction name as entry element | Mirza and Nacey Research |
| 9 (RLIN) | 1403 |
| 245 ## - TITLE STATEMENT | |
| Title | Construction futures. - Issue 1 (January 1996) - Issue 4 (October 1996) |
| 260 ## - PUBLICATION, DISTRIBUTION, ETC. | |
| Place of publication, distribution, etc. | Arundel |
| Name of publisher, distributor, etc. | Mirza and Nacey Research |
| Date of publication, distribution, etc. | 1996 |
| 300 ## - PHYSICAL DESCRIPTION | |
| Extent | 4 pt. ; 30cm. |
| 350 ## - PRICE (NR) (BK AM CF MU VM SE) [OBSOLETE] | |
| Price | 195 |
| 520 ## - SUMMARY, ETC. | |
| Summary, etc. | Published quarterly in association with The Architects` Journal. |
| 650 ## - SUBJECT ADDED ENTRY--TOPICAL TERM | |
| Topical term or geographic name entry element | ARCHITECTS |
| 650 ## - SUBJECT ADDED ENTRY--TOPICAL TERM | |
| Topical term or geographic name entry element | CONSTRUCTION FORECASTS |
| 650 ## - SUBJECT ADDED ENTRY--TOPICAL TERM | |
| Topical term or geographic name entry element | CONSTRUCTION FUTURES |
| 650 ## - SUBJECT ADDED ENTRY--TOPICAL TERM | |
| Topical term or geographic name entry element | CONSTRUCTION INDUSTRY |
| 650 ## - SUBJECT ADDED ENTRY--TOPICAL TERM | |
| Topical term or geographic name entry element | FORECASTS |
| 650 ## - SUBJECT ADDED ENTRY--TOPICAL TERM | |
| Topical term or geographic name entry element | WORKLOAD |
| 690 ## - LOCAL SUBJECT ADDED ENTRY--TOPICAL TERM (OCLC, RLIN) | |
| Topical term or geographic name as entry element | BUILDING AND CONSTRUCTION-ECONOMICS |
| 710 ## - ADDED ENTRY--CORPORATE NAME | |
| Corporate name or jurisdiction name as entry element | Architects' Journal |
| 942 ## - ADDED ENTRY ELEMENTS (KOHA) | |
| Suppress in OPAC | 0 |
| 948 ## - LOCAL PROCESSING INFORMATION (OCLC); SERIES PART DESIGNATOR (RLIN) | |
| c (OCLC) | 04/03/1997 |
| Withdrawn status | Lost status | Source of classification or shelving scheme | Damaged status | Not for loan | Home library | Current library | Shelving location | Date acquired | Cost, normal purchase price | Total Checkouts | Full call number | Barcode | Date last seen | Copy number | Cost, replacement price | Price effective from | Koha item type |
|---|---|---|---|---|---|---|---|---|---|---|---|---|---|---|---|---|---|
| Dewey Decimal Classification | London | London | Basement | 07/02/1996 | 195.00 | SHELF 302 | 30047233 | 06/08/2019 | 1 | 195.00 | 06/08/2019 | Reference material | |||||
| Dewey Decimal Classification | London | London | Basement | 19/04/1996 | 195.00 | SHELF 302 | 30047627 | 06/08/2019 | 2 | 195.00 | 06/08/2019 | Reference material | |||||
| Dewey Decimal Classification | London | London | Basement | 15/07/1996 | 195.00 | SHELF 302 | 30051334 | 06/08/2019 | 3 | 195.00 | 06/08/2019 | Reference material | |||||
| Dewey Decimal Classification | London | London | Basement | 02/10/1996 | 195.00 | SHELF 302 | 30051683 | 06/08/2019 | 4 | 195.00 | 06/08/2019 | Reference material |